Online
Catalog

El juramento / (Record no. 3600)

MARC details
000 -CABECERA
campo de control de longitud fija 00711cam a2200229 a 4500
001 - NÚMERO DE CONTROL
campo de control 000003778
005 - FECHA Y HORA DE LA ÚLTIMA TRANSACCIÓN
campo de control 20200929150551.0
008 - DATOS DE LONGITUD FIJA--INFORMACIÓN GENERAL
campo de control de longitud fija 950330s1996 tnu 000 f spa
020 ## - NÚMERO INTERNACIONAL ESTÁNDAR DEL LIBRO
Número Internacional Estándar del Libro 0881133833
040 ## - FUENTE DE LA CATALOGACIÓN
Centro catalogador/agencia de origen DO-SdBNP
Lengua de catalogación spa
Centro/agencia transcriptor BNPHU
041 17 - CÓDIGO DE LENGUA
Código de lengua del texto/banda sonora o título independiente spa
Código de lengua original eng
082 ## - NÚMERO DE LA CLASIFICACIÓN DECIMAL DEWEY
Número de clasificación 819.3
Número de documento/Ítem P437j
100 1# - ENTRADA PRINCIPAL--NOMBRE DE PERSONA
Nombre de persona Peretti, Frank E.
Fechas asociadas al nombre 1951-
9 (RLIN) 11495
240 14 - TÍTULO UNIFORME
Título uniforme The oath.
Lenguaje de la obra Español.
245 13 - MENCIÓN DE TÍTULO
Título El juramento /
Mención de responsabilidad, etc. Frank Peretti ; traducción, Eugenio Orellana.
260 ## - PUBLICACIÓN, DISTRIBUCIÓN, ETC.
Lugar de publicación, distribución, etc. Tennessee, Estados Unidos :
Nombre del editor, distribuidor, etc. Caribe,
Fecha de publicación, distribución, etc. 1996.
300 ## - DESCRIPCIÓN FÍSICA
Extensión [569] p. ;
Dimensiones 21 cm.
534 ## - NOTA SOBRE LA VERSIÓN ORIGINAL
Encabezamiento principal del original Título original:
Frase introductoria The oath.
650 #4 - PUNTO DE ACCESO ADICIONAL DE MATERIA--TÉRMINO DE MATERIA
Término de materia o nombre geográfico como elemento de entrada Novela canadiense
9 (RLIN) 7990
650 #4 - PUNTO DE ACCESO ADICIONAL DE MATERIA--TÉRMINO DE MATERIA
Término de materia o nombre geográfico como elemento de entrada Literatura canadiense
9 (RLIN) 11496
700 1# - PUNTO DE ACCESO ADICIONAL--NOMBRE DE PERSONA
Nombre de persona Orellana, Eugenio,
Término indicativo de función/relación tr.
9 (RLIN) 11497
Holdings
Estado de retiro Estado de pérdida Restricciones de uso No para préstamo Código de colección Localización permanente Ubicación/localización actual Ubicación en estantería Fecha de adquisición Número de inventario Total de préstamos Signatura topográfica completa Código de barras Fecha visto por última vez Precio válido a partir de Tipo de ítem Koha
    Préstamo interno   Monografías: Libros y Folletos General General En catalogación 13.07.2009 LF1   819.3 P437j 3778-10 25.06.2020 25.06.2020 Préstamo interno

Powered by Koha